| Tag |
First Indicator |
Second Indicator |
Subfields |
| LEADER |
00000cam a2200000 4500 |
| 001 |
in00000064628 |
| 005 |
20151007083350.0 |
| 008 |
740211s1961 nyu 00000 eng u |
| 010 |
|
|
|a 60015582
|
| 035 |
|
|
|a (OCoLC)00795760
|
| 035 |
|
|
|9 AAF9255AM
|
| 040 |
|
|
|c CSU
|d TXA
|d UtOrBLW
|
| 049 |
|
|
|a TXAM
|c [466029]
|
| 050 |
|
0 |
|a DK412
|b .H59
|
| 082 |
0 |
|
|a 323.1438
|
| 092 |
|
|
|a 323.1438
|b H811p
|
| 100 |
1 |
|
|a Horak, Stephan.
|
| 245 |
1 |
0 |
|a Poland and her national minorities, 1919-39 ;
|b a case study.
|
| 250 |
|
|
|a [1st ed.].
|
| 264 |
|
1 |
|a New York :
|b Vantage Press,
|c [1961]
|
| 300 |
|
|
|a 259p :
|b illustrations ;
|c 21cm.
|
| 336 |
|
|
|a text
|b txt
|2 rdacontent
|
| 337 |
|
|
|a unmediated
|b n
|2 rdamedia
|
| 338 |
|
|
|a volume
|b nc
|2 rdacarrier
|
| 650 |
|
0 |
|a Minorities
|z Poland.
|
| 999 |
|
|
|a MARS
|
| 999 |
f |
f |
|s 2e7db467-b837-3018-a84d-3ecf704030ad
|i 3595ccf7-80dd-3875-8910-b04fe3555568
|t 0
|
| 952 |
f |
f |
|p normal
|a Texas A&M University
|b College Station
|c Sterling C. Evans Library
|d Evans: Library Stacks
|t 0
|e DK412 .H59
|h Library of Congress classification
|i unmediated -- volume
|m A14800663986
|
| 998 |
f |
f |
|a DK412 .H59
|t 0
|l Evans: Library Stacks
|